000
00205nam a22000857a 4500
008
170527b xxu||||| |||| 00| 0 eng d
100
_9
3152
_a
Parth.C.B.
245
_a
Art Cradle-6
260
_a
New Delhi
_b
PCB
_c
2007
999
_c
6444
_d
6444